[Event "20th Sigeman & Co"]
[Site "Malmo SWE"]
[Date "2012.05.10"]
[Round "2"]
[White "Grandelius, N."]
[Black "Berg, E."]
[Result "1-0"]
[WhiteElo "2556"]
[BlackElo "2587"]
[PlyCount "81"]
[EventDate "2012.05.09"]

1. d4 Nf6 2. c4 g6 3. Nf3 Bg7 4. Nc3 d6 5. g3 O-O 6. Bg2 c6 7. O-O Qb6 8. Qc2
Na6 9. e4 Bg4 10. Be3 Qa5 11. h3 Bxf3 12. Bxf3 e5 13. d5 cxd5 14. cxd5 Nd7 15.
Bg4 Nb6 16. Be2 Rfc8 17. a3 Nd7 $2 18. Qb1 {Unpinning the knight, which then
can leap into action (which is what knights do).} Qd8 19. Nb5 Ndc5 $6 20. b4
Na4 21. Qb3 Nb6 22. a4 f5 23. a5 f4 24. Bd2 (24. axb6 fxe3 25. bxa7 (25. Nxa7
exf2+ 26. Kg2 Rcb8 27. Nc6 bxc6 28. dxc6+ Kh8 29. b7 {is deadly.}) 25... exf2+
26. Rxf2 {is simply good for White.}) 24... Nd7 25. Nxd6 Ndc5 26. bxc5 Nxc5 27.
Qa3 Qxd6 28. Bb4 Bf8 29. Bg4 fxg3 30. fxg3 Rc7 31. Rac1 Be7 32. Be6+ Kh8 33.
Rf7 Rf8 {After all the horrendous tactical combinations Black is basically
lost.} 34. Rxe7 Qxe7 35. Bxc5 Qg5 36. Qe3 Qxe3+ 37. Bxe3 Rxc1+ 38. Bxc1 {Two
bishops for a rook and calling all the shots - White is going to take home the
full point.} Kg7 39. Bg5 Rf3 40. Kg2 Rd3 41. Be7 {A lovely/terrifying sight -
depending on which side you are on: the two bishops protect the pawn on every
square to promotion.} 1-0

[Event "20th Sigeman & Co"]
[Site "Malmo SWE"]
[Date "2012.05.11"]
[Round "3"]
[White "Berg,E"]
[Black "Hector,J"]
[Result "1-0"]
[WhiteElo "2587"]
[BlackElo "2560"]
[EventDate "2012.05.09"]

1. Nf3 d5 2. d4 Nf6 3. c4 c6 4. Nc3 dxc4 5. a4 Bf5 6. Ne5 Nbd7 7. Nxc4 Qc7
8. g3 e5 9. dxe5 Nxe5 10. Bf4 Nfd7 11. Bg2 Be7 12. Rc1 f6 13. O-O Qb8 14.
a5 a6 15. Na4 Qc7 16. Nab6 Rd8 17. Nd5 cxd5 18. Ne3 Qxa5 19. Nxf5 g6 20.
Nxe7 Kxe7 21. Qd4 Nc6 22. Qe3+ Kf7 23. Rfd1 Nde5 24. b4 Qb5 25. Rc5 Qxb4
26. Bxd5+ Rxd5 27. Rcxd5 Re8 28. Bxe5 Nxe5 29. Qh6 Kg8 30. Rxe5 fxe5 31.
Rd7 Re7 32. Rd8+ Kf7 33. Qxh7+ Kf6 34. Qh8+ Kg5 35. h4+ Kf5 36. Qf8+ Ke6
37. Qg8+ Kf5 38. Qf8+ Ke6 39. Qg8+ Kf5 40. Rf8+ Ke4 41. Qxg6+ Kd5 42. Rd8+
Kc5 43. Rd1 a5 44. Qd6+ Kb5 45. Qd3+ Qc4 46. Rb1+ Kc5 47. Qa3+ 1-0